| 000 | 00000nam##2200000za#4500 |
| 001 | 9.662553 |
| 003 | CaOODSP |
| 005 | 20210615120619 |
| 007 | ta |
| 008 | 150407|2001||||xxc||||| f|0| 0 eng|d |
| 020 | |a0-662-65523-0 |
| 040 | |aCaOODSP|beng |
| 041 | |aeng |
| 041 | |afre |
| 043 | |an-cn--- |
| 086 | 1 |aSC94-77/2001 |
| 110 | 1 |aCanada.|bCanadian Centre for Management Development. |
| 245 | 12|aA foundation for developing risk management learning strategies in the public service / |cby Stephen Hill & Geoff Dinsdale. |
| 260 | |aOttawa - Ontario : |bCanadian Centre for Management Development |c2001. |
| 300 | |aviii, 40p. : |bfig., references ; |c28 cm. |
| 563 | |aSoftcover |
| 590 | |a02-31|b2002-08-02 |
| 690 | 07|aPublic service|2gcpds |
| 690 | 07|aRisk management|2gcpds |
| 690 | 07|aStrategies|2gcpds |
| 720 | 1 |aDinsdale, Geoff |
| 720 | 1 |aHill, Stephen |
| 776 | 0#|tFondements en vue de l'élaboration de stratégies d'apprentissage : |w(CaOODSP)9.640021 |
| 776 | 0#|tA foundation for developing risk management : |w(CaOODSP)9.695901 |
| 792 | |tFondements en vue de l'élaboration de stratégies d'apprentissage en gestion du risque dans la fonction publique / |efre|w(CaOODSP)9.662554 |